'French' things - Picture Quiz - Statistics

General Stats
  • This quiz has been taken 58 times
  • The average score is 8 of 12
Answer Stats
Picture Answer % Correct
French {fries}
96%
French {kissing}
96%
French {bread}
95%
French {horn}
87%
French {Revolution}
82%
French {toast}
82%
Three French {hens}
80%
French {braid}
58%
{Dawn} French
42%
French {tips}
40%
French {Guiana}
38%
French {press}
33%
No matching quizzes found
Score Distribution
Percent of People with Each Score
Percentile by Number Answered
Your Score History
You have not taken this quiz